MARC details
| 000 -LEADER |
| fixed length control field |
01973cam a2200517 a 4500 |
| 001 - CONTROL NUMBER |
| control field |
22288 |
| 003 - CONTROL NUMBER IDENTIFIER |
| control field |
VRT |
| 005 - DATE AND TIME OF LATEST TRANSACTION |
| control field |
20260325124122.0 |
| 008 - FIXED-LENGTH DATA ELEMENTS--GENERAL INFORMATION |
| fixed length control field |
240315s1992 xo a g 000 f slo |
| 015 ## - NATIONAL BIBLIOGRAPHY NUMBER |
| National bibliography number |
SNBA1992/09 |
| 020 ## - INTERNATIONAL STANDARD BOOK NUMBER |
| International Standard Book Number |
8006004137 |
| Qualifying information |
(viaz.) |
| 035 ## - SYSTEM CONTROL NUMBER |
| System control number |
DC6962B4-D0DC-4D98-9A2B-75A28599EB81 |
| 035 ## - SYSTEM CONTROL NUMBER |
| System control number |
SNK000011906 |
| 035 ## - SYSTEM CONTROL NUMBER |
| System control number |
urn:nbn:sk:snk-am005ftl |
| 035 ## - SYSTEM CONTROL NUMBER |
| System control number |
urn:nbn:sk:snk-amkr0r |
| 039 #9 - LEVEL OF BIBLIOGRAPHIC CONTROL AND CODING DETAIL [OBSOLETE] |
| Level of rules in bibliographic description |
202403151929 |
| Level of effort used to assign nonsubject heading access points |
VLOAD |
| Level of effort used to assign subject headings |
202402262003 |
| Level of effort used to assign classification |
VLOAD |
| Level of effort used to assign subject headings |
201711291405 |
| Level of effort used to assign classification |
VLOAD |
| Level of effort used to assign subject headings |
201606101156 |
| Level of effort used to assign classification |
VLOAD |
| 040 ## - CATALOGING SOURCE |
| Original cataloging agency |
SNK |
| Language of cataloging |
slo |
| Transcribing agency |
SNK |
| Description conventions |
AACR2 |
| 041 1# - LANGUAGE CODE |
| Language code of text/sound track or separate title |
slo |
| Language code of original |
ger |
| 044 ## - COUNTRY OF PUBLISHING/PRODUCING ENTITY CODE |
| MARC country code |
xo |
| ISO country code |
SK |
| 080 ## - UNIVERSAL DECIMAL CLASSIFICATION NUMBER |
| Universal Decimal Classification number |
(0:82-311.3) |
| Edition identifier |
2001 |
| 080 ## - UNIVERSAL DECIMAL CLASSIFICATION NUMBER |
| Universal Decimal Classification number |
821.112.2-31 |
| Edition identifier |
2001 |
| 080 ## - UNIVERSAL DECIMAL CLASSIFICATION NUMBER |
| Universal Decimal Classification number |
82-93 |
| Edition identifier |
2001 |
| 100 1# - MAIN ENTRY--PERSONAL NAME |
| Personal name |
May, Karl, |
| Dates associated with a name |
1842-1912 |
| Relationship |
aut |
| 240 10 - UNIFORM TITLE |
| Uniform title |
Winnetou, der rote Gentleman |
| Language of a work |
Slovensky |
| 245 10 - TITLE STATEMENT |
| Title |
Winnetou 3 |
| Statement of responsibility, etc. |
Karl May ; [z nem. orig. ... prel. Teofil Ušák ; ilustr. Igor Benca] |
| 250 ## - EDITION STATEMENT |
| Edition statement |
4. vyd. |
| 260 ## - PUBLICATION, DISTRIBUTION, ETC. |
| Place of publication, distribution, etc. |
Bratislava |
| Name of publisher, distributor, etc. |
Mladé letá |
| Date of publication, distribution, etc. |
1992 |
| Place of manufacture |
Nitra |
| Manufacturer |
Nitrianske tlačiarne |
| 300 ## - PHYSICAL DESCRIPTION |
| Extent |
405 s. |
| Other physical details |
ilustr. |
| Dimensions |
21 cm |
| 490 1# - SERIES STATEMENT |
| Series statement |
Knihy Karla Maya |
| 500 ## - GENERAL NOTE |
| General note |
Ilustr. na tit. liste. Fot. na front. Mp. na predsádkach. Vysvetl. Výslovnosť cudzích mien. Pre čitateľov od 11 rokov. ISBN 80-06-00417-X (súbor). |
| 504 ## - BIBLIOGRAPHY, ETC. NOTE |
| Bibliography, etc. note |
Vysvetlivky |
| 521 ## - TARGET AUDIENCE NOTE |
| Target audience note |
Pre čitateľov od 11 rokov |
| 650 07 - SUBJECT ADDED ENTRY--TOPICAL TERM |
| Topical term or geographic name entry element |
nemecká literatúra |
| Source of heading or term |
SNKPH |
| 655 #7 - INDEX TERM--GENRE/FORM |
| Genre/form data or focus term |
dobrodružné romány |
| Source of term |
SNKPH |
| 700 1# - ADDED ENTRY--PERSONAL NAME |
| Personal name |
Benca, Igor, |
| Dates associated with a name |
1958- |
| Relationship |
ill |
| 700 1# - ADDED ENTRY--PERSONAL NAME |
| Personal name |
Ušák, Teofil, |
| Dates associated with a name |
1922-1999 |
| Relationship |
trl |
| 830 #0 - SERIES ADDED ENTRY--UNIFORM TITLE |
| Uniform title |
Knihy Karla Maya |
| 942 ## - ADDED ENTRY ELEMENTS (KOHA) |
| Source of classification or shelving scheme |
Dewey Decimal Classification |
| Koha item type |
Krásna literatúra pre dospelých |
| Suppress in OPAC |
No |
| 949 ## - LOCAL PROCESSING INFORMATION (OCLC) |
| 6 |
17A0952546 |
| a |
snkSC 81483/3 D1 |
| b |
snkKSP 6603/92 |
| o |
OSnáhrada-originál |
| s |
6100:20140925 |
| 949 ## - LOCAL PROCESSING INFORMATION (OCLC) |
| 6 |
4710704608 |
| a |
strmkM |
| b |
strmk2008/4608 |
| 949 ## - LOCAL PROCESSING INFORMATION (OCLC) |
| 6 |
4710704609 |
| a |
strmkM |
| b |
strmk2008/4609 |
| 949 ## - LOCAL PROCESSING INFORMATION (OCLC) |
| 6 |
17A0982779 |
| a |
snkSC 81483/3 |
| 949 ## - LOCAL PROCESSING INFORMATION (OCLC) |
| 6 |
270001000032972 |
| a |
svkbbA 81020-3 |
| b |
svkbbm 571487 |
| p |
571.487 |
| 949 ## - LOCAL PROCESSING INFORMATION (OCLC) |
| 6 |
273K0258111 |
| a |
svkpoA 152630/III |
| b |
svkpo384318 |
| o |
PV 4374/92 |